Dalmacio Vélez Sarsfield, jurisconsulto.
Збережено в:
| Автор: | |
|---|---|
| Формат: | Книга |
| Мова: | Англійська |
| Опубліковано: |
Córdoba, Argentina:
Ciencia, Derecho y Sociedad; Facultad de Derecho y Ciencias Sociales, Universidad Nacional de Córdoba,
2005.
|
| Серія: | Biblioteca Jurídica y Social.
|
| Предмети: | |
| Теги: |
Додати тег
Немає тегів, Будьте першим, хто поставить тег для цього запису!
|
MARC
| LEADER | 00000nam a22000007a 4500 | ||
|---|---|---|---|
| 003 | CL-VaPUC | ||
| 005 | 20220822114806.0 | ||
| 008 | 220803t2005 ||||| |||| 00| 0 eng d | ||
| 999 | |c 437909 |d 437907 | ||
| 020 | |a 950-33-0523-3 | ||
| 040 | |c Pontificia Universidad Católica de Valparaíso | ||
| 082 | |2 22 |a 340.982 LEV 2005 | ||
| 100 | |9 873908 |a Levaggi, Abelardo |e autor | ||
| 245 | |a Dalmacio Vélez Sarsfield, jurisconsulto. | ||
| 260 | |a Córdoba, Argentina: |b Ciencia, Derecho y Sociedad; |b Facultad de Derecho y Ciencias Sociales, |b Universidad Nacional de Córdoba, |c 2005. | ||
| 300 | |a 376 páginas. | ||
| 490 | |a Biblioteca Jurídica y Social. | ||
| 500 | |a c.1 Donación Familia Prof. Alejandro Guzmán Brito | ||
| 583 | |c 20220803 |k Yessy Sthefany Diaz Vidal | ||
| 600 | 0 | |9 871302 |a Vélez Sársfield, Dalmacio, |d 1800-1875 |x Biografías | |
| 650 | 0 | |9 397624 |a Jurisconsultos |x Biografías | |
| 650 | 0 | |9 255013 |a Derecho civil |x Historia |z Argentina | |
| 942 | |2 ddc |c BK |n 0 | ||
| 952 | |0 0 |1 0 |2 ddc |4 0 |6 340_982000000000000_LEV_2005 |7 1 |8 C_AGB |9 585762 |a BIBDER |b BIBDER |d 2022-08-03 |e Donación |i 5652181 |o 340.982 LEV 2005 |p 5652181 |r 2023-01-25 |t 1 |w 2022-08-03 |y BK_US |k AGB | ||